| 000 | 00522nam a22001817a 4500 | ||
|---|---|---|---|
| 003 | OSt | ||
| 008 | 260323b |||||||| |||| 00| 0 eng d | ||
| 020 | _a9789381714782 | ||
| 082 |
_a660.6 _bD23B |
||
| 100 | _aDaugherty, Ellyn. | ||
| 245 |
_aBiotechnology / _cby Ellyn Daugherty |
||
| 260 |
_a.- New Delhi _b: Scientific International _c, 2020 |
||
| 300 | _axii,452p. | ||
| 650 | _aTechnology (Applied Sciences) | ||
| 650 | _aChemical Engineering and Related Technologies | ||
| 650 | _aBiotechnology | ||
| 942 |
_2ddc _cBK |
||
| 999 |
_c49954 _d49954 |
||